Digital instruments course (Record no. 40175)

MARC details
000 -LEADER
fixed length control field 00474nam a2200133 a 4500
008 - FIXED-LENGTH DATA ELEMENTS--GENERAL INFORMATION
fixed length control field 120416s1970 ||||||||||||||||| || u
050 ## - LIBRARY OF CONGRESS CALL NUMBER
Classification number TK 7878.4 Bou
100 ## - MAIN ENTRY--PERSONAL NAME
Personal name Bouwens, A. J
245 10 - TITLE STATEMENT
Title Digital instruments course
260 ## - PUBLICATION, DISTRIBUTION, ETC.
Place of publication, distribution, etc. Eindhoven
Name of publisher, distributor, etc. Phillips
Date of publication, distribution, etc. (1970)
300 ## - PHYSICAL DESCRIPTION
Extent 5v : ill.
350 ## - PRICE (NR) (BK AM CF MU VM SE) [OBSOLETE]
Price 0.00
995 ## - RECOMMENDATION 995 [LOCAL, UNIMARC FRANCE]
-- 0.00
-- CBU-MAIN LIBRARY (Kitwe)
-- 1
-- 1.50
-- WEEDED
-- Aug 31, 2017
-- Main Library Open Access Collection
Holdings
Withdrawn status Lost status Source of classification or shelving scheme Damaged status Not for loan Home library Current library Shelving location Date acquired Total Checkouts Full call number Barcode Date last seen Price effective from Koha item type
          CBU-MAIN LIBRARY, KITWE. CBU-MAIN LIBRARY, KITWE.   11/30/2022   TK 7878.4 Bou 016527 11/30/2022 11/30/2022 MONOGRAPH